El problema de lo sobrenatural /
Guardado en:
| 主要作者: | |
|---|---|
| 格式: | 圖書 |
| 語言: | 西班牙语 |
| 出版: |
Barcelona, España :
Herder,
1961, c1961
|
| 叢編: | (Pequeña Biblioteca Herder ;
14) |
| 主題: | |
| 標簽: |
沒有標簽, 成為第一個標記此記錄!
|
MARC
| LEADER | 00000nam^a2200000^a^4500 | ||
|---|---|---|---|
| 001 | 000001850 | ||
| 005 | 20250521000000.0 | ||
| 009 | 20260310083124.649 | ||
| 037 | |a Acervo ITESO - Biblioteca | ||
| 041 | |a ESP | ||
| 082 | |a 261. 51 |b COL | ||
| 100 | |a Colombo, Giuseppe |e (autor) | ||
| 245 | 1 | 3 | |a El problema de lo sobrenatural / |c G. Colombo ; tr. por Joaquín Blázquez. |
| 264 | 4 | |a Barcelona, España : |b Herder, |c 1961, c1961 | |
| 300 | |a 107 p. | ||
| 336 | |a texto |b txt |2 rdacontenido | ||
| 337 | |a sin mediación |b n |2 rdamedio | ||
| 338 | |a volumen |b nc |2 rdasoporte | ||
| 440 | 1 | |a (Pequeña Biblioteca Herder ; |v 14) | |
| 500 | |a Traducción de: Il problema del soprannaturale negli ultimi cinquant'anni | ||
| 649 | |a XX | ||
| 650 | |a Lo Sobrenatural - |x Tema Principal | ||
| 650 | |a Teología Doctrinal | ||
| 650 | |a Catolicismo - |x Tema Principal | ||
| 650 | |a Cristianismo | ||
| 650 | |a Religión | ||
| 910 | |a Fondo General | ||
| 920 | |a Impresos - Libros | ||
| 930 | |a Colección General | ||
| 905 | |a 101 | ||
| 901 | |a 0018500100 |b IT1 |c ACC |i 001850 |u 20250521 | ||
| 902 | |a https://opac.biblio.iteso.mx/vufind/Record/000001850 | ||